Практический курс для студентов-грузин технических специальностей: (ბიბ.ჩანაწერი № 42686)
[ მარტივი ფორმატი ]
| 000 -LEADER | |
|---|---|
| fixed length control field | 00812nam a2200193Ia 4500 |
| 001 - CONTROL NUMBER | |
| control field | 9390 |
| 003 - CONTROL NUMBER IDENTIFIER | |
| control field | GE_BSU |
| 005 - DATE AND TIME OF LATEST TRANSACTION | |
| control field | 20240613170254.0 |
| 008 - FIXED-LENGTH DATA ELEMENTS--GENERAL INFORMATION | |
| fixed length control field | 181216s1982||||ge |||||||||||||| ||rus|| |
| 040 ## - CATALOGING SOURCE | |
| Transcribing agency | GE_BSU |
| 041 ## - LANGUAGE CODE | |
| Language code of text/sound track or separate title | rus |
| 080 ## - UNIVERSAL DECIMAL CLASSIFICATION NUMBER | |
| Universal Decimal Classification number | 808.2.161.1(076)+62 М-40 |
| 100 ## - MAIN ENTRY--PERSONAL NAME | |
| Personal name | Мгалоблишвили, Н.В. |
| 9 (RLIN) | 22427 |
| 245 ## - TITLE STATEMENT | |
| Title | Практический курс для студентов-грузин технических специальностей: |
| Remainder of title | тексты, упражнения, переводы, диалоги. Часть 1 / |
| Statement of responsibility, etc. | Н.В. Мгалоблишвили. |
| 264 ## - PRODUCTION, PUBLICATION, DISTRIBUTION, MANUFACTURE, AND COPYRIGHT NOTICE | |
| Place of production, publication, distribution, manufacture | Тбилиси : |
| Name of producer, publisher, distributor, manufacturer | Изд-во Тбил. ун-та, |
| Date of production, publication, distribution, manufacture, or copyright notice | 1982. |
| 300 ## - PHYSICAL DESCRIPTION | |
| Extent | 394 стр. ; |
| Other physical details | 22 см. |
| 653 ## - INDEX TERM--UNCONTROLLED | |
| keyword | რუსული ენის სახელმძღვანელო |
| 942 ## - ADDED ENTRY ELEMENTS (KOHA) | |
| Koha item type | წიგნი |
| Source of classification or shelving scheme | |
| Withdrawn status | Lost status | Source of classification or shelving scheme | Damaged status | Not for loan | Permanent Location | Current Location | Date acquired | Full call number | Barcode | Date last seen | Copy number | Price effective from | Koha item type | Shelving location |
|---|---|---|---|---|---|---|---|---|---|---|---|---|---|---|
| ბათუმის შოთა რუსთაველის სახელმწიფო უნივერსიტეტის მთავარი ბიბლიოთეკა | ბათუმის შოთა რუსთაველის სახელმწიფო უნივერსიტეტის მთავარი ბიბლიოთეკა | 2018-12-17 | 808.2.161.1(076)+62 М-40 | 9790 | 2018-12-17 | 9790 | 2018-12-17 | წიგნი | ||||||
| ბათუმის შოთა რუსთაველის სახელმწიფო უნივერსიტეტის მთავარი ბიბლიოთეკა | ბათუმის შოთა რუსთაველის სახელმწიფო უნივერსიტეტის მთავარი ბიბლიოთეკა | 2018-12-17 | 808.2.161.1(076)+62 М-40 | 9791 | 2018-12-17 | 9791 | 2018-12-17 | წიგნი | წიგნსაცავი | |||||
| ბათუმის შოთა რუსთაველის სახელმწიფო უნივერსიტეტის მთავარი ბიბლიოთეკა | ბათუმის შოთა რუსთაველის სახელმწიფო უნივერსიტეტის მთავარი ბიბლიოთეკა | 2018-12-17 | 808.2.161.1(076)+62 М-40 | 9792 | 2018-12-17 | 9792 | 2018-12-17 | წიგნი | წიგნსაცავი | |||||
| ბათუმის შოთა რუსთაველის სახელმწიფო უნივერსიტეტის მთავარი ბიბლიოთეკა | ბათუმის შოთა რუსთაველის სახელმწიფო უნივერსიტეტის მთავარი ბიბლიოთეკა | 2024-06-13 | 808.2.161.1(076)+62 М-40 | 9785 | 2024-06-13 | 9785 | 2024-06-13 | წიგნი | წიგნსაცავი | |||||
| ბათუმის შოთა რუსთაველის სახელმწიფო უნივერსიტეტის მთავარი ბიბლიოთეკა | ბათუმის შოთა რუსთაველის სახელმწიფო უნივერსიტეტის მთავარი ბიბლიოთეკა | 2024-06-13 | 808.2.161.1(076)+62 М-40 | 9784 | 2024-06-13 | 9784 | 2024-06-13 | წიგნი | წიგნსაცავი | |||||
| ბათუმის შოთა რუსთაველის სახელმწიფო უნივერსიტეტის მთავარი ბიბლიოთეკა | ბათუმის შოთა რუსთაველის სახელმწიფო უნივერსიტეტის მთავარი ბიბლიოთეკა | 2024-06-13 | 808.2.161.1(076)+62 М-40 | 9786 | 2024-06-13 | 9786 | 2024-06-13 | წიგნი | წიგნსაცავი |
